Clinical supervision from the inside /

Saved in:
Bibliographic Details
Main Author: McCoombe, Murray
Corporate Authors: Deakin University. School of Education, Victoria. Education Dept. Colac Inspectorial District
Format: Book
Language:English
Published: [Geelong] : Deakin University, c1981.
Series:Australian administrator research monograph ; no. 1
Subjects:
LEADER 01296nam a2200325 a 4500
001 c000001925
003 CARM
005 00000000000000.0
008 831020s1981 vra b 00010 eng d
019 1 |a 2197934  |5 LACONCORD2021 
020 |a 086828243X 
035 |a (OCoLC)59909611  |5 LACONCORD2021 
040 |a ACAE  |c ACAE  |d VVUT 
042 |a anuc 
050 0 0 |a LB2838 
100 1 |a McCoombe, Murray. 
245 1 0 |a Clinical supervision from the inside /  |c by Murray McCoombe. 
260 |a [Geelong] :  |b Deakin University,  |c c1981. 
300 |a 22 p. ;  |c 21 cm. 
440 0 |a Australian administrator research monograph ;  |v no. 1 
500 |a "Project CLINSUP is a joint venture by the School of Education, Deakin University and schools in the Colac Inspectorate, Victoria ..." 
504 |a Bibliography : p. 21-22. 
650 0 |a Teachers  |x In-service training. 
650 0 |a Teachers  |x Rating of. 
710 2 0 |a Deakin University.  |b School of Education. 
710 1 0 |a Victoria.  |b Education Dept.  |b Colac Inspectorial District. 
852 8 |b CARM  |h A2:AI31C0  |i B04321  |p 0197185  |f BK 
082 0 4 |a 371.146  |2 20 
999 f f |i f9ce7a56-60c5-5e07-af3a-85c61f81e7ac  |s aeea6ac8-6e18-5ff3-a0b6-cf105c04adb9 
952 f f |p Can circulate  |a CAVAL  |b CAVAL  |c CAVAL  |d CARM 1 Store  |e B04321  |f A2:AI31C0  |h Other scheme  |i book  |m 0197185